Možnosti využitia virálneho marketingu v praxi diplomová práca

Guardado en:
Detalles Bibliográficos
Autor principal: Oravec, Michal
Autor Corporativo: Podnikovohospodárska fakulta EU so sídlom v Košiciach. Katedra marketingu a obchodu
Otros Autores: Naščáková, Jana
Formato: Libro
Lenguaje:eslovaco
Publicado: Košice 2013
Etiquetas: Agregar Etiqueta
Sin Etiquetas, Sea el primero en etiquetar este registro!

MARC

LEADER 00000nbm a2200000 4500
001 0170239
005 20161109102331.0
041 0 |a slo 
044 |a SK 
245 1 0 |a Možnosti využitia virálneho marketingu v praxi  |b diplomová práca  |c Michal Oravec ; školiteľ: Jana Naščáková 
264 1 |a Košice  |c 2013 
300 |a 67 s. 
100 1 |a Oravec, Michal 
700 1 |a Naščáková, Jana 
710 2 |a Podnikovohospodárska fakulta EU so sídlom v Košiciach. Katedra marketingu a obchodu